General Knowledge Quiz For Everyone - Statistics

General Stats
  • This quiz has been taken 11 times
  • The average score is 6 of 15
Answer Stats
Question Answer % Correct
Mount Kilimanjaro is located in which continent? Africa
90%
Who wrote James Bond? Ian Fleming
70%
Capital of morocco Rabat
60%
In which sport is the Pen-Holder grip used? Table Tennis
60%
The italian word for scribbling Graffiti
50%
Inventor of the printing press Johannes Gutenberg
50%
1st handheld mobile phone was made by? Motorola
50%
Who lived in 100 acres wood? Winnie the pooh
50%
What is the canadian 1$ called? A loonie
30%
What is the first country to accept bitcoin as a currency? El salvador
20%
What was the first search engine called? Archie
10%
What is the south korean presidential residence called? Blue house
10%
Who won the oscar for Best Actor in 2023? Brendan Fraser
10%
What is the SI unit of radiation? Becquerel ( Bq)
0%
Who is known as the father of Homeopathy? Samuel Hahnemann
0%
No matching quizzes found
Score Distribution
Percent of People with Each Score
Percentile by Number Answered
Your Score History
You have not taken this quiz